000 01191nam0a2200325 4500
001 RU\NLR\bibl\456087
005 20250623182812.0
010 _a5-94723-506-4
_94000
021 _aRU
_b2003-52958
_92565
035 _a(NLR Aleph) 000449616
090 _a865530
_c865530
100 _a20031106d2003 |||y0rusy50 ca
101 0 _arus
102 _aRU
105 _aa |||||||||
200 1 _aБлагонадежность и лояльность персонала
_fК.В. Харский
210 _aСПб. и др.
_cПитер
_d2003
215 _a495 с.
_cил.
_d22
320 _aБиблиогр. в подстроч. примеч.
606 0 _aКадры
_xПодбор
_xПсиходиагностика
_92281587
_3RU\NLR\auth\661366930
606 0 _aКадры
_xУправление
_yРоссийская Федерация
_92081423
_3RU\NLR\auth\661257403
686 _aУ24(2)0-21
686 _aЮ941.19в6
700 1 _aХарский
_bК. В.
_gКонстантин Викторович
_4070
801 0 _aRU
_bNLR
_c20031106
_gPSBO
801 1 _aRU
_bNLR
_c20031106
830 _aАвт. раскрыт по книге
942 _cBOOK
980 _aNB